| 000 | 00903cab a2200277 4500 | ||
|---|---|---|---|
| 001 | WB3210-15 | ||
| 008 | 090401t1996 xxu||||| |||| 00| 0 eng d | ||
| 035 | _a(Sirsi) u45086 | ||
| 041 | _aeng | ||
| 245 | _aBlair lays claim to homeowners | ||
| 260 | _c1996 | ||
| 350 | _a0 | ||
| 490 |
_aIndependent _v6 March 1996, 6 |
||
| 490 |
_aGuardian _v6 March 1996, 4 |
||
| 490 |
_aFinancial Times _v6 March 1996, 8(3) |
||
| 520 | _aOutlines Tony Blair`s plans and suggestions for the housing market. Graphs depicting average house prices, repossessions 1989-1995, owner occupation, number of dwellings and number of properties in negative equity 1992-1995. | ||
| 650 | _aHOMEOWNERSHIP | ||
| 650 | _aLABOUR PARTY POLICY | ||
| 650 | _aNEGATIVE EQUITY | ||
| 650 | _aOWNER-OCCUPIERS | ||
| 650 | _aREPOSSESSIONS | ||
| 650 | _aSTATISTICS | ||
| 690 | _aHOUSING | ||
| 942 | _n0 | ||
| 948 | _c04/03/1997 | ||
| 999 |
_c28663 _d28663 |
||